[Event "GER-chT U10"]
[Site "Magdeburg"]
[Date "2014.12.27"]
[Round "1.4"]
[White "Heutling, Elina"]
[Black "Telesh, Volodymyr"]
[Result "1-0"]
[WhiteElo "972"]
[BlackElo "777"]
[PlyCount "55"]
[EventDate "2014.12.27"]
[EventType "team-swiss"]
[EventRounds "7"]
[EventCountry "GER"]
[SourceTitle "EXT 2016"]
[Source "ChessBase"]
[SourceDate "2015.10.08"]
[SourceVersion "1"]
[SourceVersionDate "2015.10.08"]
[SourceQuality "1"]
[WhiteTeam "Magdeburg Schachzwerge"]
[BlackTeam "Magdeburg Schachzwerge II"]
[WhiteTeamCountry "GE2"]
[BlackTeamCountry "GER"]

1. e4 e5 2. Nf3 Nc6 3. Bc4 Bc5 4. 0-0 Nf6 5. Nc3 0-0 6. d3 d6 7. Bg5 Bg4 8. Nd5 Nxd5 9. Bxd8 Raxd8 10. exd5 Nd4 11. c3 Nxf3+ 12. gxf3 Bh3 13. Re1 Rde8 14. d4 exd4 15. Rxe8 Rxe8 16. Qa4 Re7 17. Qb5 a6 18. Qxb7 g6 19. Bxa6 dxc3 20. bxc3 Bb6 21. Bf1 Bf5 22. Bd3 Bd7 23. a4 Re5 24. c4 Bd4 25. Rb1 Bh3 26. f4 Rf5 27. Bxf5 Bxf5 28. Rd1 1-0

[Event "GER-chT U10"]
[Site "Magdeburg"]
[Date "2013.12.28"]
[Round "1.4"]
[White "Telesh, Volodymyr"]
[Black "Del Rio, Miguel"]
[Result "0-1"]
[WhiteElo "768"]
[BlackElo "885"]
[PlyCount "97"]
[EventDate "2013.12.27"]
[EventType "team-swiss"]
[EventRounds "5"]
[EventCountry "GER"]
[SourceTitle "EXT 2015"]
[Source "ChessBase"]
[SourceDate "2014.11.20"]
[SourceVersion "1"]
[SourceVersionDate "2014.11.20"]
[SourceQuality "1"]
[WhiteTeam "Magdeburg Schachzwerge III"]
[BlackTeam "Kassel"]
[WhiteTeamCountry "GER"]
[BlackTeamCountry "GER"]

1. e4 e5 2. Nc3 Nc6 3. Bb5 Nf6 4. Nf3 Bb4 5. d3 d6 6. Bg5 Bxc3+ 7. bxc3 0-0 8. 0-0 h6 9. Bh4 a6 10. Ba4 b5 11. Bb3 a5 12. c4 a4 13. Bxa4 bxa4 14. Bxf6 Qxf6 15. c3 Qg6 16. h3 Bxh3 17. Nh4 Qf6 18. Re1 Ne7 19. Re3 Nc8 20. Rf3 Qg5 21. Qc1 Qh5 22. Qe3 f6 23. g4 Qxg4+ 24. Rg3 Qd7 25. Rxh3 Ra7 26. Qg3 Kh8 27. Ng6+ Kg8 28. d4 Re8 29. Nh4 g5 30. Nf3 Kg7 31. Nd2 Rb7 32. Qg2 Rb2 33. Nf3 Rc2 34. Ne1 Rb2 35. Rc1 Rxa2 36. Nc2 Nb6 37. Qf1 Nxc4 38. Ra1 Rxc2 39. Rxa4 Qxa4 40. dxe5 dxe5 41. Kg2 Nd2 42. Qe2 Nxe4 43. Qf3 Nxc3 44. Rg3 e4 45. Qf5 Re5 46. Qg4 e3 47. Kh3 exf2 48. Kg2 Qc6+ 49. Kh3 0-1